[Event "RUS-ch Blitz Men 2018"]
[Site "Sochi"]
[Date "2018.10.07"]
[Round "14"]
[White "Khanin, Semen"]
[Black "Gogolev, Artem"]
[Result "1-0"]
[WhiteElo "2545"]
[BlackElo "2360"]
[Annotator "ChessBase"]
[PlyCount "100"]
[EventDate "2018.10.07"]
[EventType "swiss"]
[EventCountry "RUS"]
[SourceTitle "playchess.com"]
[Source "ChessBase"]
[SourceQuality "1"]

1. e4 e5 2. Nf3 Nc6 3. Bb5 Nf6 4. d3 Bc5 5. c3 d6 6. O-O O-O 7. Re1 a6 8. Ba4 b5 9. Bc2 Bg4 10. h3 Bh5 11. Nbd2 Re8 12. Nf1 d5 13. Qe2 dxe4 14. dxe4 Bf8 15. Ng3 Bxf3 16. Qxf3 g6 17. Bb3 Bg7 18. Bg5 Na5 19. Rad1 Qe7 20. Bc2 Rad8 21. Nf1 Qe6 22. Ne3 c6 23. Rxd8 Rxd8 24. Ng4 Rd6 25. Rd1 Nxg4 26. hxg4 Nc4 27. Bb3 Qd7 28. Rxd6 Qxd6 29. Bxc4 bxc4 30. Qe2 Qe6 31. Qd1 h6 32. Be3 Kh7 33. f3 Bf6 34. Qa4 c5 35. Bxc5 Qc8 36. Qxc4 Kg7 37. Qd5 Qc7 38. Kh2 a5 39. Bd6 Qb6 40. Bxe5 Qxb2 41. Qxa5 Qf2 42. Bg3 Qd2 43. e5 Bg5 44. e6 fxe6 45. Be5+ Kf7 46. Qc7+ Ke8 47. Qc6+ Ke7 48. Qc7+ Ke8 49. a4 Be3 50. Bd6 Bg5 1-0

[Event "RUS-ch Blitz Men 2018"]
[Site "Sochi"]
[Date "2018.10.07"]
[Round "14"]
[White "Iljiushenok, Ilia"]
[Black "Ivlev, Aleksey"]
[Result "1-0"]
[WhiteElo "2538"]
[BlackElo "2359"]
[Annotator "ChessBase"]
[PlyCount "73"]
[EventDate "2018.10.07"]
[EventType "swiss"]
[EventCountry "RUS"]
[SourceTitle "playchess.com"]
[Source "ChessBase"]
[SourceQuality "1"]

1. e4 c6 2. d4 d5 3. e5 g6 4. f4 Nh6 5. Nf3 Bg7 6. Be3 O-O 7. Bd3 Qb6 8. b3 a5 9. O-O Na6 10. Kh1 Nb4 11. Be2 Bf5 12. Ne1 a4 13. c3 Na6 14. b4 Nc7 15. Nd2 Nb5 16. Qc1 f6 17. Nd3 fxe5 18. fxe5 Ng4 19. Bg1 Bh6 20. h3 Ne3 21. Nf3 Nxf1 22. Qxh6 Ng3+ 23. Kh2 Nxe2 24. Ng5 Rf7 25. Nxf7 Kxf7 26. Qxh7+ Ke6 27. Nc5+ Qxc5 28. bxc5 Nbxc3 29. Rf1 Nxg1 30. Kxg1 Ne2+ 31. Kh2 Nxd4 32. g4 Ra5 33. gxf5+ gxf5 34. Qg6+ Kd7 35. e6+ Kc7 36. Qg7 Nxe6 37. Qxe7+ 1-0

[Event "RUS-ch Blitz Men 2018"]
[Site "Sochi"]
[Date "2018.10.07"]
[Round "14"]
[White "Vastrukhin, Oleg"]
[Black "Matlakov, Maxim"]
[Result "1-0"]
[WhiteElo "2535"]
[BlackElo "2705"]
[Annotator "TA"]
[PlyCount "129"]
[EventDate "2018.10.07"]
[EventType "swiss"]
[EventCountry "RUS"]
[SourceTitle "playchess.com"]
[Source "ChessBase"]
[SourceQuality "1"]

1. g3 g6 2. Bg2 Bg7 3. d4 d6 4. Nc3 Nf6 5. e4 O-O 6. Nge2 e5 7. dxe5 dxe5 8. O-O c6 9. Qxd8 Rxd8 10. h3 b5 11. Be3 Be6 12. f4 b4 13. Na4 Bc4 14. Rfe1 Nh5 15. Kf2 Bb5 16. Nc5 exf4 17. gxf4 Bxb2 18. Rab1 Bf6 19. Red1 Bh4+ 20. Kf3 a5 21. Rxd8+ Bxd8 22. Nd4 Bc4 23. Ra1 Be7 24. Nd3 Bxd3 25. cxd3 a4 26. e5 c5 27. Nb5 Nd7 28. Kg4 Rb8 29. Na7 Bf8 30. Nc6 Re8 31. Rc1 Ng7 32. Bd5 Nb6 33. Be4 Nd7 34. Na5 f5+ 35. exf6 Nxf6+ 36. Kf3 Nxe4 37. dxe4 Ne6 38. f5 gxf5 39. exf5 Nd4+ 40. Bxd4 cxd4 41. Nc4 Rc8 42. Ke4 b3 43. axb3 axb3 44. Kxd4 Bg7+ 45. Kd3 Rd8+ 46. Ke2 Rd5 47. Rb1 b2 48. Ne3 Rb5 49. Kd3 Kf7 50. Ke4 Rb4+ 51. Kd3 Rb3+ 52. Ke4 h5 53. Nc4 Rxh3 54. Kd5 Rb3 55. Nd6+ Kf8 56. Ke6 Re3+ 57. Kd5 Rd3+ 58. Ke6 Bc3 59. Ne4 Bd4 60. f6 h4 61. Ng5 Re3+ 62. Kf5 Re2 63. Ne6+ Rxe6 64. Kxe6 h3 65. Rd1 1-0

[Event "RUS-ch Blitz Men 2018"]
[Site "Sochi"]
[Date "2018.10.07"]
[Round "14"]
[White "Sarana, Alexey"]
[Black "Pridorozhni, Aleksei"]
[Result "1-0"]
[WhiteElo "2532"]
[BlackElo "2618"]
[Annotator "ChessBase"]
[PlyCount "55"]
[EventDate "2018.10.07"]
[EventType "swiss"]
[EventCountry "RUS"]
[SourceTitle "playchess.com"]
[Source "ChessBase"]
[SourceQuality "1"]

1. d4 d6 2. e4 Nf6 3. Nc3 g6 4. Bg5 Bg7 5. f4 c6 6. Nf3 O-O 7. Bd3 Bg4 8. h3 Bxf3 9. Qxf3 Nfd7 10. e5 f6 11. exf6 Nxf6 12. O-O-O Na6 13. f5 h6 14. h4 Nb4 15. fxg6 Nxd3+ 16. Qxd3 hxg5 17. hxg5 Qa5 18. d5 Qb4 19. Qh3 Qg4 20. gxf6 Qg5+ 21. Kb1 Rxf6 22. Qh7+ Kf8 23. Ne4 Qxg2 24. Nxf6 exf6 25. Rhf1 Qg5 26. dxc6 bxc6 27. Rxd6 f5 28. Rd7 1-0

[Event "RUS-ch Blitz Men 2018"]
[Site "Sochi"]
[Date "2018.10.07"]
[Round "14"]
[White "Dzhumagaliev, Yan"]
[Black "Derjabin, Ilja"]
[Result "1/2-1/2"]
[WhiteElo "2527"]
[BlackElo "2356"]
[Annotator "TA"]
[PlyCount "136"]
[EventDate "2018.10.07"]
[EventType "swiss"]
[EventCountry "RUS"]
[SourceTitle "playchess.com"]
[Source "ChessBase"]
[SourceQuality "1"]

1. d4 Nf6 2. Nf3 d6 3. g3 Bf5 4. Bg2 c6 5. O-O h6 6. a4 Nbd7 7. a5 a6 8. Nc3 Ne4 9. Nh4 Nxc3 10. bxc3 Bh7 11. e4 e6 12. Re1 Be7 13. Nf3 e5 14. Nd2 O-O 15. Nc4 exd4 16. cxd4 Re8 17. Ne3 Bf6 18. f3 c5 19. c3 cxd4 20. cxd4 b6 21. Nc4 d5 22. Nd6 Re6 23. Ba3 bxa5 24. e5 Be7 25. Nb7 Qb6 26. Bxe7 Rxe7 27. Nxa5 Rxe5 28. Rxe5 Nxe5 29. f4 Nc6 30. Bxd5 Nxd4 31. Bxa8 Bc2 32. Nc4 Qc5 33. Qf1 Ne2+ 34. Kg2 Qxc4 35. Bf3 Bd3 36. Qd1 Nc3 37. Qe1 Be4 38. Bxe4 Nxe4 39. Rc1 Qd5 40. Kg1 Nd2 41. Qe2 Nf3+ 42. Kf2 Nd4 43. Qe8+ Kh7 44. Qe3 Qb3 45. Kf1 Qa2 46. Qe2 Nf5 47. Kg1 Qd5 48. Rd1 g6 49. Qf2 Qc6 50. g4 Nd6 51. Qd4 Nb5 52. Qd5 Qf6 53. Qe5 Qh4 54. Qd5 Qxg4+ 55. Kh1 Nd6 56. Qxd6 Qf3+ 57. Kg1 Qe3+ 58. Kg2 Qe2+ 59. Kg3 Qe3+ 60. Kg2 Qe2+ 61. Kg1 Qe3+ 62. Kf1 Qf3+ 63. Ke1 Qe3+ 64. Kf1 Qf3+ 65. Kg1 Qe3+ 66. Kg2 Qe2+ 67. Kg3 Qe3+ 68. Kg2 Qe2+ 1/2-1/2

[Event "RUS-ch Blitz Men 2018"]
[Site "Sochi"]
[Date "2018.10.07"]
[Round "14"]
[White "Romanov, Evgeny"]
[Black "Kryakvin, Dmitry"]
[Result "1/2-1/2"]
[WhiteElo "2523"]
[BlackElo "2468"]
[Annotator "ChessBase"]
[PlyCount "90"]
[EventDate "2018.10.07"]
[EventType "swiss"]
[EventCountry "RUS"]
[SourceTitle "playchess.com"]
[Source "ChessBase"]
[SourceQuality "1"]

1. d4 d5 2. Nf3 Nf6 3. c4 c6 4. Qc2 dxc4 5. Qxc4 Bg4 6. Nbd2 Nbd7 7. g3 e6 8. Bg2 Be7 9. O-O a5 10. Qc2 O-O 11. e4 a4 12. Nc4 Bxf3 13. Bxf3 Nb6 14. Be3 Nxc4 15. Qxc4 Qa5 16. h4 Rfd8 17. Rfd1 Rd7 18. g4 g6 19. g5 Ne8 20. Bg4 Nd6 21. Qc2 Rdd8 22. Rac1 Nb5 23. a3 Bf8 24. h5 Be7 25. hxg6 hxg6 26. e5 Kg7 27. Kg2 Rh8 28. Rh1 Nc7 29. Bf3 Nd5 30. Bd2 Qb6 31. Bc3 Bxg5 32. Rcg1 Nf4+ 33. Kf1 Qb5+ 34. Ke1 Rxh1 35. Bxh1 Bh6 36. Be4 Rd8 37. Rg4 c5 38. dxc5 Nd3+ 39. Bxd3 Rxd3 40. Qe2 Qd7 41. Rb4 Rd5 42. Qb5 Qe7 43. Qxb7 Qg5 44. Qb5 Qc1+ 45. Ke2 Qd1# 1/2-1/2

[Event "RUS-ch Blitz Men 2018"]
[Site "Sochi"]
[Date "2018.10.07"]
[Round "14"]
[White "Demidov, Mikhail"]
[Black "Sviridov, Valery"]
[Result "1-0"]
[WhiteElo "2522"]
[BlackElo "2445"]
[Annotator "ChessBase"]
[PlyCount "169"]
[EventDate "2018.10.07"]
[EventType "swiss"]
[EventCountry "RUS"]
[SourceTitle "playchess.com"]
[Source "ChessBase"]
[SourceQuality "1"]

1. Nf3 g6 2. g3 Bg7 3. d4 Nf6 4. Bg2 O-O 5. O-O d6 6. b3 Nbd7 7. Bb2 Re8 8. c4 e5 9. dxe5 Ng4 10. Qd2 dxe5 11. h3 Nh6 12. Rd1 f6 13. Nc3 Nf7 14. h4 e4 15. Nd4 f5 16. Nd5 c6 17. Nf4 Nde5 18. Nc2 Qe7 19. Ne3 a5 20. Qc2 Nh6 21. a3 Nhg4 22. Nxg4 Nxg4 23. e3 Ne5 24. Rd2 Qf7 25. Rc1 h6 26. h5 g5 27. Bxe5 Bxe5 28. Ng6 Bf6 29. Rd6 Be6 30. Rcd1 Rad8 31. Rxd8 Rxd8 32. Rxd8+ Bxd8 33. Qd2 Qd7 34. Qc1 Bf6 35. Qe1 b6 36. c5 Qb7 37. b4 axb4 38. Qxb4 b5 39. Bf1 Qd7 40. Be2 Kg7 41. a4 bxa4 42. Qxa4 Bf7 43. Kg2 Qd2 44. Bc4 Bxc4 45. Qxc4 Qd5 46. Qb4 f4 47. gxf4 gxf4 48. Nxf4 Qg5+ 49. Kf1 Qg4 50. Qb7+ Kg8 51. Qa8+ Kg7 52. Qb7+ Kg8 53. Qb3+ Kg7 54. Qb7+ Kg8 55. Qxc6 Qd1+ 56. Kg2 Qg4+ 57. Kh2 Qh4+ 58. Kg1 Qg4+ 59. Ng2 Qd1+ 60. Kh2 Qxh5+ 61. Kg1 Qd1+ 62. Kh2 Be5+ 63. Nf4 Bxf4+ 64. exf4 Qf3 65. Qg6+ Kf8 66. Qxh6+ Ke8 67. Qh4 Qc3 68. Qh5+ Kd8 69. Qd5+ Kc8 70. c6 Qh8+ 71. Kg3 Qg7+ 72. Kh4 Qh6+ 73. Kg4 Qg6+ 74. Qg5 Qxc6 75. f5 Qc5 76. Qg8+ Kc7 77. Qf7+ Kb6 78. Qe6+ Ka5 79. Qa2+ Kb6 80. f6 Qc8+ 81. Kg5 Qc5+ 82. Kg6 e3 83. Qb3+ Kc7 84. Qxe3 Qc2+ 85. Kg7 1-0

[Event "RUS-ch Blitz Men 2018"]
[Site "Sochi"]
[Date "2018.10.07"]
[Round "14"]
[White "Kobalia, Mikhail"]
[Black "Sadovsky, Artem"]
[Result "1-0"]
[WhiteElo "2492"]
[BlackElo "2446"]
[Annotator "ChessBase"]
[PlyCount "57"]
[EventDate "2018.10.07"]
[EventType "swiss"]
[EventCountry "RUS"]
[SourceTitle "playchess.com"]
[Source "ChessBase"]
[SourceQuality "1"]

1. e4 g6 2. d4 Bg7 3. Nf3 d6 4. Bc4 Nf6 5. Qe2 O-O 6. O-O Bg4 7. Nbd2 Nc6 8. c3 d5 9. exd5 Nxd5 10. h3 Bf5 11. Ne4 Nb6 12. Bb3 a5 13. a4 Re8 14. Neg5 Nd5 15. Qb5 e6 16. g4 h6 17. gxf5 hxg5 18. fxe6 fxe6 19. Nxg5 Na7 20. Qe2 Qd6 21. Qe4 Nf6 22. Bxe6+ Kf8 23. Qxg6 Re7 24. b3 b6 25. Ba3 c5 26. dxc5 bxc5 27. Rad1 Qc7 28. Qf5 Ke8 29. Bxc5 1-0

[Event "RUS-ch Blitz Men 2018"]
[Site "Sochi"]
[Date "2018.10.07"]
[Round "14"]
[White "Antipov, Mikhail Al."]
[Black "Ponkratov, Pavel"]
[Result "0-1"]
[WhiteElo "2491"]
[BlackElo "2647"]
[Annotator "TA"]
[PlyCount "82"]
[EventDate "2018.10.07"]
[EventType "swiss"]
[EventCountry "RUS"]
[SourceTitle "playchess.com"]
[Source "ChessBase"]
[SourceQuality "1"]

1. e4 c5 2. Nf3 d6 3. d4 cxd4 4. Nxd4 Nf6 5. Nc3 a6 6. h3 b5 7. g4 Bb7 8. Bg2 g6 9. Be3 Nbd7 10. O-O e5 11. Nb3 h5 12. g5 Nh7 13. h4 f6 14. f4 exf4 15. Bxf4 Ne5 16. Nd5 Bg7 17. Bxe5 dxe5 18. Nc5 Bxd5 19. Qxd5 Qxd5 20. exd5 f5 21. Ne6 Kf7 22. a4 b4 23. c3 Rab8 24. cxb4 Nf8 25. Nc7 Rxb4 26. Nxa6 Rxb2 27. Nc5 e4 28. Nxe4 Nd7 29. Rae1 Ra8 30. Nd6+ Kf8 31. Re6 Bd4+ 32. Kh1 Ne5 33. Rxe5 Bxe5 34. Nc4 Re2 35. Bf3 Rh2+ 36. Kg1 Bg3 37. d6 Rxa4 38. d7 Ke7 39. Nb6 Rd4 40. Rc1 Rb2 41. Nd5+ Kxd7 0-1

[Event "RUS-ch Blitz Men 2018"]
[Site "Sochi"]
[Date "2018.10.07"]
[Round "14"]
[White "Yuffa, Daniil"]
[Black "Maletin, Pavel"]
[Result "1-0"]
[WhiteElo "2470"]
[BlackElo "2637"]
[Annotator "TA"]
[PlyCount "93"]
[EventDate "2018.10.07"]
[EventType "swiss"]
[EventCountry "RUS"]
[SourceTitle "playchess.com"]
[Source "ChessBase"]
[SourceQuality "1"]

1. d4 d5 2. c4 c6 3. Nc3 Nf6 4. Nf3 e6 5. Bg5 h6 6. Bh4 Be7 7. e3 Nbd7 8. Qc2 O-O 9. Rd1 a6 10. Bd3 b5 11. cxd5 cxd5 12. O-O Bb7 13. Qe2 Rc8 14. Rc1 Ne4 15. Bxe7 Qxe7 16. Bxe4 dxe4 17. Nd2 Nf6 18. Nb3 e5 19. Rfd1 Rfd8 20. dxe5 Qxe5 21. Rxd8+ Rxd8 22. Nd4 h5 23. h3 h4 24. a4 Qg5 25. Rd1 Bc8 26. Kh1 b4 27. Na2 a5 28. Qb5 Qxb5 29. axb5 Be6 30. Ra1 Bd5 31. Nc1 Ra8 32. Ra4 Nd7 33. Ncb3 Nb6 34. Rxa5 Rb8 35. Nc6 Re8 36. Nbd4 Nc4 37. Ra4 Nxb2 38. Rxb4 Nd3 39. Rb1 Nxf2+ 40. Kg1 Nd3 41. b6 Nc5 42. b7 Nxb7 43. Rxb7 Bxc6 44. Nxc6 Re6 45. Rb8+ Kh7 46. Nd4 Ra6 47. Re8 1-0

[Event "RUS-ch Blitz Men 2018"]
[Site "Sochi"]
[Date "2018.10.07"]
[Round "14"]
[White "Potapov, Pavel"]
[Black "Riazantsev, Alexander"]
[Result "0-1"]
[WhiteElo "2459"]
[BlackElo "2633"]
[Annotator "TA"]
[PlyCount "78"]
[EventDate "2018.10.07"]
[EventType "swiss"]
[EventCountry "RUS"]
[SourceTitle "playchess.com"]
[Source "ChessBase"]
[SourceQuality "1"]

1. e4 c6 2. d4 d5 3. exd5 cxd5 4. c4 Nf6 5. Nf3 Nc6 6. Nc3 a6 7. Be2 Bg4 8. Be3 e6 9. O-O dxc4 10. Bxc4 Be7 11. h3 Bh5 12. g4 Bg6 13. Ne5 Nb4 14. a3 Nbd5 15. Bxd5 Nxd5 16. Qf3 O-O 17. Nxg6 fxg6 18. Qe4 Qd7 19. Rac1 Rf7 20. f4 Raf8 21. Nxd5 exd5 22. Qd3 Bd6 23. Qd2 h5 24. gxh5 Qxh3 25. Rf2 Re7 26. Re1 Qxh5 27. Rg2 Rfe8 28. Qf2 Qf5 29. Rg5 Qd3 30. Rg3 g5 31. Qf3 Qe4 32. Qh5 Bxf4 33. Rh3 Qf5 34. Qh8+ Kf7 35. Qh5+ Qg6 36. Qf3 Rxe3 37. Rxe3 Rxe3 38. Qxd5+ Qe6 39. Qxb7+ Kg6 0-1

[Event "RUS-ch Blitz Men 2018"]
[Site "Sochi"]
[Date "2018.10.07"]
[Round "14"]
[White "Kozionov, Kirill"]
[Black "Tomashevsky, Evgeny"]
[Result "1-0"]
[WhiteElo "2442"]
[BlackElo "2694"]
[Annotator "TA"]
[PlyCount "93"]
[EventDate "2018.10.07"]
[EventType "swiss"]
[EventCountry "RUS"]
[SourceTitle "playchess.com"]
[Source "ChessBase"]
[SourceQuality "1"]

1. d4 Nf6 2. c4 e6 3. Nc3 Bb4 4. Bg5 h6 5. Bh4 c5 6. d5 d6 7. e3 Bxc3+ 8. bxc3 Qe7 9. Nf3 Nbd7 10. Qb3 O-O 11. Be2 Re8 12. O-O e5 13. Nd2 Nf8 14. a4 Ng6 15. Bg3 Rb8 16. a5 Bd7 17. Qc2 Rbd8 18. h3 Bc8 19. Bh2 e4 20. Kh1 Kh8 21. Rg1 Bf5 22. Bd1 Ne5 23. f4 Nd3 24. Rf1 h5 25. Bg3 Qd7 26. Kh2 g6 27. Bh4 Kg7 28. Be2 Rb8 29. Rab1 Ng8 30. Rg1 Nh6 31. Bg5 f6 32. Bxh6+ Kxh6 33. g4 hxg4 34. hxg4 Rh8 35. Kg3 Bxg4 36. Bxg4 f5 37. Be2 g5 38. Bxd3 Rbg8 39. Be2 gxf4+ 40. Kxf4 Qe7 41. Rh1+ Kg6 42. Rbg1+ Kf6 43. Nxe4+ fxe4 44. Qxe4 Qd7 45. Rxh8 Rxg1 46. Rh6+ Kf7 47. Rh7+ 1-0

[Event "RUS-ch Blitz Men 2018"]
[Site "Sochi"]
[Date "2018.10.07"]
[Round "14"]
[White "Kretov, Evgenij"]
[Black "Balashov, Yuri S"]
[Result "1/2-1/2"]
[WhiteElo "2355"]
[BlackElo "2489"]
[Annotator "ChessBase"]
[PlyCount "177"]
[EventDate "2018.10.07"]
[EventType "swiss"]
[EventCountry "RUS"]
[SourceTitle "playchess.com"]
[Source "ChessBase"]
[SourceQuality "1"]

1. d4 Nf6 2. c4 e6 3. Nc3 Bb4 4. Bg5 c5 5. d5 h6 6. Bh4 d6 7. e3 exd5 8. cxd5 Nbd7 9. Bd3 O-O 10. Nge2 Ne5 11. O-O Ng6 12. Bg3 Nh5 13. a3 Ba5 14. Qc2 Qf6 15. Ne4 Qd8 16. Bxd6 f5 17. Bxf8 fxe4 18. Bxe4 Nxf8 19. Qxc5 Nf6 20. Bf3 N8d7 21. Qd4 Bb6 22. Qc3 Nc5 23. Rfd1 Qd6 24. b4 Nce4 25. Qc4 Ng5 26. Qf4 Bc7 27. Qxd6 Bxd6 28. Rac1 Bd7 29. Nd4 Re8 30. Nb3 Ba4 31. Rd3 Be5 32. Na5 Bb5 33. Rd2 Nge4 34. Bxe4 Nxe4 35. Rdc2 b6 36. Nc6 Bd6 37. Nxa7 Bd7 38. Nc8 Ba4 39. Nxd6 Nxd6 40. Rc7 b5 41. Kf1 Bb3 42. Rd7 Bc4+ 43. Ke1 Ne4 44. Rd1 Nf6 45. Rd6 Ra8 46. f3 Rxa3 47. e4 Kf7 48. e5 Ra2 49. Rd2 Rxd2 50. Kxd2 Nxd5 51. Rd7+ Kf8 52. g3 h5 53. f4 g6 54. Ra7 Nxb4 55. Kc3 Nc6 56. Rc7 Ne7 57. Kd4 Kf7 58. Kc5 Ke6 59. Ra7 Bf1 60. Ra6+ Kf7 61. Rf6+ Kg7 62. Rb6 Kf7 63. Rb7 Ke6 64. Rb6+ Kf7 65. Ra6 b4 66. Rb6 h4 67. Rxb4 hxg3 68. hxg3 Nf5 69. Rb3 Be2 70. Ra3 Ke6 71. Rb3 Kf7 72. Rb7+ Ke6 73. Rb6+ Kf7 74. Rb3 Ke6 75. Rc3 Ke7 76. Kb4 Ke6 77. Kb3 Nd4+ 78. Kb2 Kf5 79. Kc1 Bg4 80. Kd2 Ne6 81. Ke3 g5 82. Rc4 gxf4+ 83. gxf4 Bh5 84. Ra4 Be8 85. Ra8 Bc6 86. Ra6 Bd5 87. Rd6 Nxf4 88. Rf6+ Kxe5 89. Rxf4 1/2-1/2

[Event "RUS-ch Blitz Men 2018"]
[Site "Sochi"]
[Date "2018.10.07"]
[Round "14"]
[White "Ozgibcev, Anatoly"]
[Black "Gabrielian, Artur"]
[Result "0-1"]
[WhiteElo "2353"]
[BlackElo "2507"]
[Annotator "TA"]
[PlyCount "70"]
[EventDate "2018.10.07"]
[EventType "swiss"]
[EventCountry "RUS"]
[SourceTitle "playchess.com"]
[Source "ChessBase"]
[SourceQuality "1"]

1. e4 c5 2. c3 Nf6 3. e5 Nd5 4. d4 d6 5. c4 Nb6 6. dxc5 dxc5 7. Qxd8+ Kxd8 8. Nc3 Nc6 9. Be3 Nxe5 10. O-O-O+ Bd7 11. Bxc5 Rc8 12. Bxb6+ axb6 13. b3 e6 14. Be2 Bb4 15. Kb2 Ke7 16. Nf3 Nxf3 17. Bxf3 Bc6 18. Bxc6 bxc6 19. a3 Bd6 20. Ne4 Be5+ 21. Kc2 f5 22. Nd2 Bf6 23. Rhe1 Ra8 24. a4 b5 25. cxb5 cxb5 26. axb5 Ra2+ 27. Kd3 Rd8+ 28. Ke3 Bc3 29. Re2 f4+ 30. Kf3 Raxd2 31. Rexd2 Rxd2 32. Rc1 Bd4 33. Rc7+ Kd6 34. Rc6+ Ke5 35. b6 h5 0-1

[Event "RUS-ch Blitz Men 2018"]
[Site "Sochi"]
[Date "2018.10.07"]
[Round "14"]
[White "Fakhrutdinov, Timur"]
[Black "Drygalov, Sergey"]
[Result "0-1"]
[WhiteElo "2344"]
[BlackElo "2496"]
[Annotator "ChessBase"]
[PlyCount "40"]
[EventDate "2018.10.07"]
[EventType "swiss"]
[EventCountry "RUS"]
[SourceTitle "playchess.com"]
[Source "ChessBase"]
[SourceQuality "1"]

1. e4 c5 2. Nf3 d6 3. d4 cxd4 4. Nxd4 Nf6 5. Nc3 a6 6. Be2 e6 7. Be3 Be7 8. f4 Qc7 9. g4 b5 10. g5 Nfd7 11. a3 Nc6 12. Nxc6 Qxc6 13. Qd4 O-O 14. O-O-O Rb8 15. h4 e5 16. Qd2 Re8 17. f5 Bb7 18. Nd5 Bf8 19. h5 Nc5 20. Bf3 Nb3+ 0-1

[Event "RUS-ch Blitz Men 2018"]
[Site "Sochi"]
[Date "2018.10.07"]
[Round "14"]
[White "Smirnov, Timofey"]
[Black "Hasangatin, Ramil"]
[Result "1/2-1/2"]
[WhiteElo "2343"]
[BlackElo "2496"]
[Annotator "ChessBase"]
[PlyCount "152"]
[EventDate "2018.10.07"]
[EventType "swiss"]
[EventCountry "RUS"]
[SourceTitle "playchess.com"]
[Source "ChessBase"]
[SourceQuality "1"]

1. e4 d5 2. exd5 Qxd5 3. Nc3 Qd6 4. d4 Nf6 5. h3 c6 6. Nf3 Bf5 7. Be3 e6 8. Bd3 Bg6 9. O-O Nbd7 10. Qd2 Qc7 11. Rfe1 Bd6 12. Ne2 O-O 13. c4 Rad8 14. Nf4 Bxd3 15. Nxd3 c5 16. Qc2 a6 17. Rac1 cxd4 18. Bxd4 Rfe8 19. c5 Bf8 20. c6 bxc6 21. Qxc6 Qxc6 22. Rxc6 a5 23. Rec1 Nd5 24. a3 f6 25. Nc5 e5 26. Nxd7 Rxd7 27. Bc5 Nf4 28. Rc2 e4 29. Nh4 Bxc5 30. R6xc5 a4 31. R5c4 Rd5 32. Kh2 g5 33. g3 Nd3 34. Ng2 Ne5 35. Ne3 Rd3 36. Rc8 Rxc8 37. Rxc8+ Kf7 38. Rc2 Nf3+ 39. Kh1 h5 40. g4 hxg4 41. hxg4 Ke6 42. Re2 Ke5 43. Kg2 Kf4 44. Kf1 Rd2 45. Rxd2 Nxd2+ 46. Ke2 Nf3 47. Nd5+ Kxg4 48. Nxf6+ Kf5 49. Nd5 Ne5 50. Nb6 Nd3 51. Nxa4 Kf4 52. b4 Nc1+ 53. Kf1 Nb3 54. Nc3 e3 55. Nd5+ Ke4 56. Nxe3 Nd2+ 57. Ke2 Nb1 58. Nc2 g4 59. Ke1 Nc3 60. Kd2 Nb1+ 61. Kc1 Nc3 62. Ne1 Na4 63. Kc2 Kd4 64. Kb3 Nc3 65. Nc2+ Kd3 66. Ne3 g3 67. fxg3 Ne4 68. Nd5 Nxg3 69. b5 Kd4 70. b6 Ne4 71. Kb4 Kxd5 72. Kb5 Nd6+ 73. Ka6 Kc6 74. a4 Nb7 75. a5 Nxa5 76. Kxa5 Kb7 1/2-1/2

[Event "RUS-ch Blitz Men 2018"]
[Site "Sochi"]
[Date "2018.10.07"]
[Round "14"]
[White "Nechaev, Oleg"]
[Black "Lobanov, Sergei"]
[Result "0-1"]
[WhiteElo "2327"]
[BlackElo "2472"]
[Annotator "ChessBase"]
[PlyCount "86"]
[EventDate "2018.10.07"]
[EventType "swiss"]
[EventCountry "RUS"]
[SourceTitle "playchess.com"]
[Source "ChessBase"]
[SourceQuality "1"]

1. c4 c5 2. g3 Nc6 3. Bg2 g6 4. Nc3 Bg7 5. e4 e6 6. Nge2 Nge7 7. O-O O-O 8. d3 b6 9. Be3 Nd4 10. Rb1 Bb7 11. b4 d6 12. Qd2 Qd7 13. Bh6 Rad8 14. Bxg7 Kxg7 15. Nxd4 cxd4 16. Ne2 e5 17. f4 f5 18. c5 fxe4 19. dxe4 Ba6 20. cxd6 Qxd6 21. b5 Bb7 22. fxe5 Rxf1+ 23. Rxf1 Qxe5 24. Nf4 Kg8 25. Qd3 Bc8 26. Nd5 Nxd5 27. exd5 Bf5 28. Qc4 Rc8 29. Qb3 d3 30. d6+ Kg7 31. d7 Qd4+ 32. Kh1 Qxd7 33. Qb2+ Kg8 34. g4 Bxg4 35. Qf6 Bf5 36. Re1 d2 37. Rd1 Rd8 38. Qc3 Qd4 39. Qb3+ Kg7 40. Qg3 Rd7 41. h3 Bc2 42. Rxd2 Qxd2 43. Qe5+ Kh6 0-1

[Event "RUS-ch Blitz Men 2018"]
[Site "Sochi"]
[Date "2018.10.07"]
[Round "14"]
[White "Gochelashvili, David"]
[Black "Oganian, Miran"]
[Result "1/2-1/2"]
[WhiteElo "2323"]
[BlackElo "2466"]
[Annotator "ChessBase"]
[PlyCount "129"]
[EventDate "2018.10.07"]
[EventType "swiss"]
[EventCountry "RUS"]
[SourceTitle "playchess.com"]
[Source "ChessBase"]
[SourceQuality "1"]

1. Nf3 d5 2. b3 Nf6 3. c4 d4 4. e3 c5 5. exd4 cxd4 6. b4 a5 7. b5 Bg4 8. h3 Bxf3 9. Qxf3 Qc7 10. g4 Nbd7 11. d3 e5 12. g5 Bb4+ 13. Nd2 Ng8 14. Bg2 Rb8 15. O-O Ne7 16. Ne4 Ng6 17. Qg3 Ndf8 18. f4 exf4 19. Bxf4 Nxf4 20. Rxf4 Ne6 21. Rg4 Qxg3 22. Nxg3 O-O 23. Rf1 Bd2 24. h4 Nc5 25. Be4 a4 26. Rf3 a3 27. Bd5 Be3+ 28. Kf1 Nxd3 29. Nf5 Ne5 30. Rxe3 dxe3 31. Re4 Nd7 32. Ne7+ Kh8 33. Rxe3 Nb6 34. c5 Na4 35. c6 bxc6 36. Bxc6 Nc5 37. Rxa3 Ne6 38. Kf2 Nd4 39. Bd7 Nxb5 40. Bxb5 Rxb5 41. Kg3 Rbb8 42. Nc6 Ra8 43. Rb3 Rxa2 44. Ne5 Ra7 45. h5 Kg8 46. h6 gxh6 47. gxh6 Ra6 48. Ng4 f5 49. Ne5 Rxh6 50. Kf4 Rg6 51. Nxg6 hxg6 52. Kg5 Kf7 53. Rb6 Rg8 54. Rb7+ Ke6 55. Rb5 Kd6 56. Ra5 Ke6 57. Rb5 Kd6 58. Ra5 Kc6 59. Re5 Kd6 60. Re1 Kd7 61. Re2 Rg7 62. Re1 Re7 63. Rd1+ Ke8 64. Kxg6 f4 65. Rf1 1/2-1/2

[Event "RUS-ch Blitz Men 2018"]
[Site "Sochi"]
[Date "2018.10.07"]
[Round "14"]
[White "Inozemtsev, Sergei"]
[Black "Rakhmanov, Aleksandr"]
[Result "0-1"]
[WhiteElo "2312"]
[BlackElo "2578"]
[Annotator "RC"]
[PlyCount "132"]
[EventDate "2018.10.07"]
[EventType "swiss"]
[EventCountry "RUS"]
[SourceTitle "playchess.com"]
[Source "ChessBase"]
[SourceQuality "1"]

1. e4 c5 2. Nf3 Nf6 3. d3 d5 4. Nbd2 Nc6 5. g3 e6 6. Bg2 Be7 7. O-O h6 8. Re1 Rb8 9. a4 b6 10. c3 Ba6 11. Qc2 Rc8 12. h4 dxe4 13. dxe4 Bd3 14. Qb3 O-O 15. e5 Na5 16. Qa2 Nd5 17. Ne4 Bc4 18. Qb1 Nb3 19. Ra3 Nc7 20. Bf4 Bd3 21. Qd1 c4 22. Nd6 Bh7 23. Nxc8 Bxa3 24. Nxa7 Qxd1 25. Rxd1 Bxb2 26. Bf1 Na5 27. Be3 Nd5 28. Nb5 Be4 29. Nd2 Nxe3 30. fxe3 Bc2 31. Re1 Bxa4 32. Nxc4 Nxc4 33. Bxc4 Bxb5 34. Bxb5 Bxc3 35. Rb1 Bxe5 36. Kg2 Bd6 37. Kf3 h5 38. Bd3 Bc5 39. g4 hxg4+ 40. Kxg4 Bxe3 41. Rb3 Bc5 42. h5 Rd8 43. Bb5 Rd4+ 44. Kg3 Kh7 45. Be8 Kg8 46. Rf3 f5 47. Kh3 Kf8 48. Bg6 Ke7 49. Rc3 Kf6 50. Rc2 Rd3+ 51. Kh2 Rd4 52. Ra2 Rg4 53. Ra7 Rxg6 54. hxg6 Kxg6 55. Kg3 Kf6 56. Kf3 g5 57. Rh7 g4+ 58. Kg3 Ke5 59. Rh6 b5 60. Rh8 b4 61. Rb8 Kd4 62. Rb7 Kc4 63. Kf4 b3 64. Ke5 g3 65. Rh7 g2 66. Rh4+ Kb5 0-1